Państwa graniczące z Serbią - Statystyki

Ogólne statystyki
  • Ten quiz został rozwiązany 15 razy
  • Średni wynik to 7 z 8
Statystyki odpowiedzi
Państwo % Poprawnych
Bułgaria
92%
Czarnogóra
92%
Kosowo
92%
Macedonia Północna
92%
Węgry
92%
Rumunia
85%
Bośnia i Hercegowina
77%
Chorwacja
77%
Nie znaleziono quizów pasujących do podanych kryteriów
Rozkład punktacji
Procent ludzi z każdym wynikiem
Percentyl według liczby udzielonych odpowiedzi
Twoja historia wyników
Nie rozwiązałeś tego quizu